The turn of the screw (Record no. 170329)

MARC details
000 -LEADER
campo de control de longitud fija 00750nam a22002055i 4500
001 - NÚMERO DE CONTROL
campo de control 170329
003 - IDENTIFICADOR DE NÚMERO DE CONTROL
campo de control ES-MaACL
005 - FECHA Y HORA DE LA ÚLTIMA TRANSACCIÓN
campo de control 20250908213540.0
008 - DATOS DE LONGITUD FIJA--INFORMACIÓN GENERAL
campo de control de longitud fija 090224s1955 xxk |||| | eng d
080 ## - NÚMERO DE LA CLASIFICACIÓN DECIMAL UNIVERSAL
Número de la Clasificación Decimal Universal 782.1
100 1# - ENTRADA PRINCIPAL--NOMBRE DE PERSONA
Nombre de persona Britten, Benjamin.
9 (RLIN) 31806
245 14 - MENCIÓN DEL TÍTULO
Título The turn of the screw
Resto del título : opera in two acts : libretto /
Mención de responsabilidad, etc. Benjamin Britten ; text by Myfanwy Piper ; adapted from the story by Henry James.
260 ## - PUBLICACIÓN, DISTRIBUCIÓN, ETC.
Lugar de publicación, distribución, etc. London :
Nombre del editor, distribuidor, etc. Boosey and Hawkes,
Fecha de publicación, distribución, etc. [1955]
300 ## - DESCRIPCIÓN FÍSICA
Extensión 40 p. ;
Dimensiones 20 cm.
650 14 - PUNTO DE ACCESO ADICIONAL DE MATERIA--TÉRMINO DE MATERIA
Término de materia o nombre geográfico como elemento de entrada Óperas-
Subdivisión de forma Libretos.
9 (RLIN) 137584
700 1# - ENTRADA AGREGADA--NOMBRE PERSONAL
Nombre de persona Piper, Myfanwy.
9 (RLIN) 139521
700 1# - ENTRADA AGREGADA--NOMBRE PERSONAL
Nombre de persona James, Henry,
Fechas asociadas al nombre 1843-1916
9 (RLIN) 242228
852 ## - LOCALIZACIÓN
Ubicación ES-MaACL
Número de control de estantería 2249-F-21
itemnumber R.140875
Nota libre .- Biblioteca Jacinto Martínez Lacalle
Holdings
Estatus retirado Estado de pérdida Estado de daño No para préstamo Colección Biblioteca de origen Biblioteca actual Ubicación en estantería Fecha de adquisición Fuente de adquisición Total de préstamos Signatura topográfica completa Código de barras Visto por última vez Precio de reemplazo Tipo de ítem Koha
        Colección de folletos Biblioteca del Ateneo de Madrid Biblioteca del Ateneo de Madrid Depósito folletos 24/02/2009     2249-F-21 1178816 23/02/2023 23/02/2023 Folleto